Appetite for non-listed funds grows as economy recovers (Record no. 82927)

MARC details
000 -LEADER
fixed length control field 01144cab a22001935a 4500
001 - CONTROL NUMBER
control field L152269
008 - FIXED-LENGTH DATA ELEMENTS--GENERAL INFORMATION
fixed length control field 110215e20110207xxk 000 0 eng d
035 ## - SYSTEM CONTROL NUMBER
System control number (Sirsi) u152269
041 0# - LANGUAGE CODE
Language code of text/sound track or separate title eng
110 2# - MAIN ENTRY--CORPORATE NAME
Corporate name or jurisdiction name as entry element EuroProperty
9 (RLIN) 1216
245 00 - TITLE STATEMENT
Title Appetite for non-listed funds grows as economy recovers
260 ## - PUBLICATION, DISTRIBUTION, ETC.
Date of publication, distribution, etc. 2011
490 #0 - SERIES STATEMENT
Series statement EuroProperty
Volume/sequential designation 7 February 2011, 8-9(2)
520 ## - SUMMARY, ETC.
Summary, etc. 55% of investor respondents to the 7th annual INREV Investment Intentions Survey intend to increase their future allocations to non-listed real estate, a higher percentage than last year. 90% of large investors expect their allocations to joint ventures to increase over the next two years and the bigger the investor the larger the expected increase appears to be. Seeded funds have increased as a preference compared with last year?s study. German retail is the top investor country/sector combination. 80% of respondents were not put off new investment by Basel III, Solvency II and EU AIFM Directive regulations.
590 ## - LOCAL NOTE (RLIN)
Local note KA
651 #4 - SUBJECT ADDED ENTRY--GEOGRAPHIC NAME
Geographic name Europe
690 ## - LOCAL SUBJECT ADDED ENTRY--TOPICAL TERM (OCLC, RLIN)
Topical term or geographic name as entry element PROPERTY-COMMERCIAL PROPERTY-COMMERCIAL PROPERTY FINANCE AND INVESTMENT
942 ## - ADDED ENTRY ELEMENTS (KOHA)
Suppress in OPAC 0
Holdings
Withdrawn status Lost status Source of classification or shelving scheme Damaged status Not for loan Home library Current library Shelving location Date acquired Total Checkouts Full call number Barcode Date last seen Copy number Price effective from Koha item type
    Dewey Decimal Classification     London London Journal article 15/02/2011   L152269 152269-1001 06/08/2019 1 06/08/2019 Journal article